000 01088nam a2200313Ia 4500
003 OSt
005 20221007125543.0
006 a|||||r|||| 00| 0
007 ta
008 221006b |||||||| |||| 00| 0 eng d
020 _a817808385X (pbk)
_cRs.450.00
024 _a15044
037 _b003, 16/06/2005, Dhanraj Book House
_cTextual
040 _aCDL
_cCDL
_beng
041 _2eng
_aeng
082 _aE1, L8;M3;5-;7 Carc
100 _aHuheey James E
245 0 _aInorganic chemistry: principles of structure and reactivity
_b Keiter Ellen A Keiter Richard L
250 _a4
260 _aDelhi
_bPearson Education(Singapore) Pte. Ltd.,
_c2000
300 _axvii, 964p+vp
_ccm.
500 _aAppendix A-I, A-1-A-77p.; Index A-78-A-88p.
650 _a Inorganic chemistry
_9185095
650 _aChemistry
700 _a Keiter Ellen A
700 _a Keiter Richard L
_9717989
942 _hE1, L8;M3;5-;7 Carc
_cTEXL
_2CC
999 _c1215488
_d1215488